000 00898nab a2200253 u 4500
001 21654
003 HDC
007 cr bn ---aaaaa
008 210309b2015mmddmy d||ne |||| 00| 0 may d
040 _aHDC
100 _aSiti Nurazlinee Azmi
_98263
245 0 _aPerkasa pengeksport berdaya saing peringkat serantau, global
_c/ Siti Nurazlinee Azmi
260 _aMalaysia:
_bNew Straits Times Press (M) Bhd.,
_c2015
300 _a1 online resource (page 18)
336 _atext
_2rdacontent
337 _acomputer
_2rdamedia
338 _aonline resource
_2rdacarrier
650 _aBusiness enterprise
_xCapital investments
_918965
710 _aBerita Harian
856 _zRequest full-text at [email protected]
942 _2lcc
942 _cNEWS
942 _kNWSC 002783
999 _c18970
_d18970